Đời thay đổi khi chúng ta thay đổi T.3

Uloženo v:
Podrobná bibliografie
Hlavní autor: Matthews, Andew
Další autoři: Dũng Tiến (dịch), Thúy Nga (dịch)
Médium: Kniha
Jazyk:Vietnamese
Vydáno: Tp. Hồ Chí Minh Trẻ 2016
Vydání:Tái bản lần thứ 9
Témata:
Tagy: Přidat tag
Žádné tagy, Buďte první, kdo otaguje tento záznam!
Thư viện lưu trữ: Trung tâm Học liệu Lê Vũ Hùng, Trường Đại học Đồng Tháp
LEADER 00937aam a22002898a 4500
001 00035134
005 20171026081025.0
008 161121s2016 ||||||viesd
020 # # |c 37000  |a 976 604 1 00631 7 
041 0 # |a vie 
082 1 4 |a 158  |b Đ462T 
100 1 # |a Matthews, Andew 
245 1 0 |a Đời thay đổi khi chúng ta thay đổi  |c Andew Matthews; Dũng Tiến, Thúy Nga dịch  |n T.3 
250 # # |a Tái bản lần thứ 9 
260 # # |a Tp. Hồ Chí Minh  |b Trẻ  |c 2016 
300 # # |a 171tr.  |c 21cm. 
650 # 4 |a Kỹ năng sống 
653 # # |a Bí quyết thành công 
653 # # |a Lối sống 
653 # # |a Thành công 
700 1 # |a Dũng Tiến  |e dịch 
700 1 # |a Thúy Nga  |e dịch 
852 # # |b Kho đọc  |j KD.0018850 
852 # # |j KD.0018850 
910 |d 21/11/2016 
980 # # |a Trung tâm Học liệu Lê Vũ Hùng, Trường Đại học Đồng Tháp